Volcanoes by countries - Statistics

General Stats
  • This quiz has been taken 30 times
  • The average score is 47 of 77
Answer Stats
Volcano Elevation Continent Country % Correct
Pular 6233 America Chile
96%
Popocatepetl 5426 America Mexico
96%
Ojos del Salado 6887 America Argentina
91%
Etna 3357 Europe Italy
91%
Mauna Kea 4207 Oceania USA
91%
Chimborazo 6310 America Ecuador
87%
Santorini 130 Europe Greece
87%
Atitlan 3535 America Guatemala
87%
Tambora 2722 Asia Indonesia
87%
Fuji 3776 Asia Japan
87%
Kenya 5200 Africa Kenya
87%
Pichu Pichu 5664 America Peru
87%
Pico 2351 Europe Portugal
83%
Kronotsky 3527 Asia Russia
83%
Ruiz 5389 America Colombia
78%
Pelée 1397 America France
78%
Teide 3718 Africa Spain
78%
Cameroon 4095 Africa Cameroon
74%
Arenal 1657 America Costa Rica
74%
Surtsey 155 Europe Iceland
74%
Barú 3474 America Panama
74%
Ararat 5137 Asia Turkey
74%
Datun 1092 Asia China
70%
Damavand 5671 Asia Iran
70%
Mayon 2463 Asia Philippines
70%
Sao Tome 2024 Africa Sao Tome
70%
Ngorongoro 2440 Africa Tanzania
70%
Tongariro 1978 Oceania New Zealand
65%
Belinda 1370 Antarctica UK
65%
Mawson (Big Ben) 2745 Antarctica Australia
61%
Ilopango 450 America El Salvador
61%
Erta Ale 613 Africa Ethiopia
61%
Taveuni 1241 Oceania Fiji
61%
El Tigre 783 America Honduras
61%
Magdalena 1310 Asia Malaysia
61%
Beerenberg 2277 Europe Norway
61%
Ulawun 2334 Oceania Papua New Guinea
61%
Aragats 4090 Europe Armenia
57%
Sajama 6542 America Bolivia
57%
Cabugi 590 America Brazil
57%
Nabro 2218 Africa Eritrea
57%
Kazbek 5050 Europe Georgia
57%
Wasserkuppe 950 Europe Germany
57%
Masaya 635 America Nicaragua
57%
Tor Zawar 2237 Asia Pakistan
57%
Mascarin 1230 Africa South Africa
57%
Tofua 515 Oceania Tonga
57%
Muhavura 4127 Africa Uganda
57%
Qarqar 3000 Europe Azerbaijan
52%
Fogo 2829 Africa Cape Verde
52%
Emi Koussi 3415 Africa Chad
52%
Dhosi 740 Asia India
52%
Khorgo 2240 Asia Mongolia
52%
Kavachi -20 Oceania Solomon Islands
52%
Al-Safa 979 Asia Syria
52%
Yasur 361 Oceania Vanuatu
52%
Veteran 70 Asia Vietnam
52%
Loman 4559 Asia Afghanistan
48%
Popa 1518 Asia Myanmar
48%
Karisimbi 4507 Africa Rwanda
48%
Savai'i 1858 Oceania Samoa
48%
at Tair 244 Asia Yemen
48%
Atakor 2918 Africa Algeria
43%
Waw an Namus 547 Africa Libya
43%
Scenery 870 America Netherlands
43%
Paektu 2744 Asia North Korea
43%
Karthala 2361 Africa Comoros
39%
Nyiragongo 3470 Africa DRC
39%
Basile 3007 Africa Equatorial Guinea
39%
Kegen 1858 Asia Kazakhstan
39%
Harrat Khaybar 2093 Asia Saudi Arabia
39%
Liamuiga 1156 America St. Kitts
39%
Soufriére (Qualibou) 1235 America St. Lucia
39%
Marra 3042 Africa Sudan
39%
Ardoukoba 298 Africa Djibouti
30%
Ciomad 1289 Europe Romania
30%
Duvalo 740 Europe North Macedonia
26%
No matching quizzes found
Score Distribution
Percent of People with Each Score
Percentile by Number Answered
Your Score History
You have not taken this quiz